000 00592nam a2200169Ia 4500
003 0
005 20250211105516.0
008 140724s9999 xx 000 0 und d
050 _aTP 1
_b.B614 2011
100 _aBinos, Kurt Jason Bola.
245 _aComputerized student evaluation for instructors of Southville International School and Colleges /
_cKurt Jason Bola Binos.
260 _aLas PiƱas, Philippines :
_bSouthville International School and Colleges,
_cc2011.
300 _a50 p. :
_bcol. ill. ;
_c28 cm.
521 _aInformation Technology
942 _cTH
_2lcc
999 _c229265
_d229265